书目信息 |
| 题名: |
电子工艺训练教程
|
|
| 作者: | 李敬伟 , 段维莲 主编 | |
| 分册: | ||
| 出版信息: | 北京 电子工业出版社 2005.08 |
|
| 页数: | 216页 | |
| 开本: | 24cm | |
| 丛书名: | 高等学校电工电子实践系列 | |
| 单 册: | ||
| 中图分类: | TN01 | |
| 科图分类: | ||
| 主题词: | 电子技术--dian zi ji shu--高等学校--教材 | |
| 电子资源: | ||
| ISBN: | 7-121-01025-9 | |
| 000 | 01295nam 2200277 450 | |
| 001 | 012006834608 | |
| 005 | 20060919104441.00 | |
| 010 | @a7-121-01025-9@dCNY18.00 | |
| 100 | @a20060619d2005 km y0chiy0120 ea | |
| 101 | 0 | @achi |
| 102 | @aCN@b110000 | |
| 105 | @aa a 000yy | |
| 200 | 1 | @a电子工艺训练教程@Adian zi gong yi xun lian jiao cheng@f李敬伟, 段维莲主编@Fli jing wei,duan wei lian zhu bian |
| 210 | @a北京@c电子工业出版社@d2005.08 | |
| 215 | @a216页@c图@d24cm | |
| 225 | 2 | @a高等学校电工电子实践系列@Agao deng xue xiao dian gong dian zi shi jian xi lie |
| 320 | @a有书目。 | |
| 330 | @a本书内容包括:安全用电常识和触电的预防与救护;电子焊接工艺技术的机理、方法与技巧;电子元器件的性能、特点、识别及使用注意事项;印制电路板设计的基础知识、干扰防护、布线原则、设计技巧及印制电路的制作工艺;实习电子产品的原理、装配工艺、调试工艺及电子产品的维修方法与维修经验;常用测试仪器的使用方法与电子元器件的检测。 | |
| 333 | @a本书可作为工科院校电工电子工程训练的教材,也可作为相关工程技术人员和无线电爱好者的参考书。 | |
| 410 | 0 | @12001 @a高等学校电工电子实践系列 |
| 606 | 0 | @a电子技术@Adian zi ji shu@x高等学校@j教材 |
| 690 | @aTN01@v4 | |
| 701 | 0 | @a李敬伟@Ali jing wei@4主编 |
| 701 | 0 | @a段维莲@Aduan wei lian@4主编 |
| 801 | 0 | @aCN@bQSSK@c20060919 |
| 905 | @a10447@dTN01@eL187 | |
| 电子工艺训练教程/李敬伟, 段维莲主编.-北京:电子工业出版社,2005.08 |
| 216页:图;24cm.-(高等学校电工电子实践系列) |
| 使用对象:本书可作为工科院校电工电子工程训练的教材,也可作为相关工程技术人员和无线电爱好者的参考书。 |
| ISBN 7-121-01025-9:CNY18.00 |
| 本书内容包括:安全用电常识和触电的预防与救护;电子焊接工艺技术的机理、方法与技巧;电子元器件的性能、特点、识别及使用注意事项;印制电路板设计的基础知识、干扰防护、布线原则、设计技巧及印制电路的制作工艺;实习电子产品的原理、装配工艺、调试工艺及电子产品的维修方法与维修经验;常用测试仪器的使用方法与电子元器件的检测。 |
| ● |
| 相关链接 |
|
|
|
正题名:电子工艺训练教程
索取号:TN01/L187
 
预约/预借
| 序号 | 登录号 | 条形码 | 馆藏地/架位号 | 状态 | 备注 |
| 1 | 589657 | 205896574 | 自科二线404/404自科库 9排6列2层/ [索取号:TN01/L187] | 在馆 | |
| 2 | 589658 | 205896583 | 自科库301/301自科库 23排4列3层/ [索取号:TN01/L187] | 在馆 | |
| 3 | 589659 | 205896592 | 自科库301/301自科库 23排4列3层/ [索取号:TN01/L187] | 在馆 |